Oracle 8i certified professional DBA Certification Exam guide (0 07 213060 1)
שמור ב:
| מחבר ראשי: | |
|---|---|
| פורמט: | ספר |
| שפה: | Undetermined |
| יצא לאור: |
Mc Graw-Hill
2001
|
| תגים: |
הוספת תג
אין תגיות, היה/י הראשונ/ה לתייג את הרשומה!
|
| Thư viện lưu trữ: | Trung tâm Học liệu Trường Đại học Cần Thơ |
|---|
| LEADER | 00441nam a2200145Ia 4500 | ||
|---|---|---|---|
| 001 | CTU_49436 | ||
| 008 | 210402s9999 xx 000 0 und d | ||
| 082 | |a 005.7585 | ||
| 082 | |b C853p | ||
| 100 | |a JASON S COUCHMAN | ||
| 245 | 0 | |a Oracle 8i certified professional DBA Certification Exam guide (0 07 213060 1) | |
| 245 | 0 | |c JASON S COUCHMAN | |
| 260 | |b Mc Graw-Hill | ||
| 260 | |c 2001 | ||
| 980 | |a Trung tâm Học liệu Trường Đại học Cần Thơ | ||